Austerlitz
Uloženo v:
| Hlavní autor: | |
|---|---|
| Médium: | Kniha |
| Jazyk: | španělština |
| Vydáno: |
Barcelona
Anagrama
2004
|
| Vydání: | 1a. ed |
| Edice: | Compactos Anagrama
|
| Témata: | |
| Tagy: |
Přidat tag
Žádné tagy, Buďte první, kdo vytvoří štítek k tomuto záznamu!
|
MARC
| LEADER | 00000nam a2200000 a 4500 | ||
|---|---|---|---|
| 001 | UCK2709 | ||
| 003 | CL-VaPUC | ||
| 008 | 050311e20040000SP |||||||||||||||||spa|d | ||
| 020 | |a 8433967819 | ||
| 082 | 0 | 4 | |a 833 |b SEB |2 21 |
| 100 | 0 | |a Sebald, W. G |e author |9 490592 | |
| 245 | 1 | 0 | |a Austerlitz |
| 250 | |a 1a. ed | ||
| 300 | |a 296 p | ||
| 942 | |c BK | ||
| 945 | |d 20050311 00:00:00 |a cmena | ||
| 260 | |a Barcelona |b Anagrama |c 2004 | ||
| 650 | 0 | |a Novelas alemanas |9 265783 | |
| 650 | 0 | |a Literatura alemana |9 265457 | |
| 583 | |a last modification |c 20050311 00:00:00 |k Rodrigo Vera | ||
| 490 | 0 | |a Compactos Anagrama | |
| 999 | |c 312131 |d 312129 | ||
| 952 | |0 0 |1 0 |4 0 |6 833_000000000000000_SEB_2004 |7 0 |8 A |9 382019 |a BIBART |b BIBART |d 2019-11-21 |i 4097890 |o 833 SEB 2004 |p 4097890 |r 2025-03-13 |w 2019-11-21 |y BK |k ART | ||